| 000 | 00576nam a2200217 i 4500 | ||
|---|---|---|---|
| 001 | 22281 | ||
| 003 | ES-MaACL | ||
| 005 | 20250726220530.0 | ||
| 007 | t| | ||
| 008 | 021202s1979 sp |||| | cat d | ||
| 100 | 1 |
_aAlier, Roger. _919932 |
|
| 245 | 1 | 2 |
_aL'opera / _cRoger Alier. |
| 250 | _a1ª ed. | ||
| 260 |
_a[Barcelona] : _bDopesa, _c1979. |
||
| 300 |
_a141 p. : _bil. ; _c19 cm. |
||
| 490 | 1 | _aConïxer catalunya | |
| 650 | 7 |
_aÓpera _2embne _915706 |
|
| 830 | 0 |
_aConïxer catalunya _9182085 |
|
| 852 |
_aES-MaACL _jA-10242 |
||
| 999 |
_c22281 _d22281 |
||